Au coeur des ténèbres
| Auteur principal : | Christophe Bec |
|---|---|
| Autres auteurs : | Ennio Bufi |
| Autres auteurs : | Andrea Meloni |
| Titre : | Au coeur des ténèbres |
| Support : | Livres |
| Langue : | Francais |
| Publié : |
2024 Humanoïdes associés Genève |
| Series : |
Carthago |
| Genre : |
Bande dessinée (adultes) |
| Collection : |
Aventure |
| Sujets : | |
| Étiquettes : |
Pas de tags
|
| LEADER | 00785nam0a2200229 450 | ||
|---|---|---|---|
| 001 | 16868282 | ||
| 010 | |a 978-2-7316-6927-5 |b cart. |d 15,5 | ||
| 100 | |a 20240411d2024 u u0frey01 ba | ||
| 101 | 0 | |a fre | |
| 102 | |a FR | ||
| 200 | 0 | |a Au coeur des ténèbres |f scénario Christophe Bec |g dessin Ennio Bufi - couleurs Andrea Meloni | |
| 207 | 1 | |a | |
| 210 | |a Genève |c Humanoïdes associés |d 2024 | ||
| 215 | |a 1 vol. (56 p.) |c illustrations en couleur |d 33 x 25 cm | ||
| 225 | 1 | |a Aventure | |
| 461 | 0 | |t Carthago |v 15 | |
| 700 | 0 | |a Bec |b Christophe |4 70 | |
| 701 | 0 | |a Bufi |b Ennio |4 440 | |
| 702 | 0 | |a Meloni |b Andrea |4 410 | |
| 900 | |a Bande dessinée (adultes) | ||
| 901 | |a Adultes | ||
| 995 | |a Médiathèque |c Médiathèque |f 00156009390485 |h 00156009390485 |k BDA BEC DON 1 |o p |q a |r az |e Médiathèque | ||